|
|
|
|
| LEADER |
01075nam a2200253 a 4500 |
| 001 |
1688 |
| 003 |
BD-DhAAL |
| 005 |
20151109105352.0 |
| 008 |
151109s1999 bg 000 0 ben d |
| 020 |
|
|
|a 9843104269
|
| 040 |
|
|
|a ZCU
|c ZCU
|d BD-DhAAL
|
| 082 |
|
|
|a 351.5492
|
| 090 |
|
|
|a DS395.5
|b .K37 1999
|
| 100 |
1 |
|
|a করিম, এম.এম. রেজাউল
|d 1935-
|9 16028
|
| 245 |
1 |
0 |
|a দেখা থেকে লেখা :
|b সমকালীন রাজনৈতিক বিশ্লেষন /
|c এম.এম. রেজাউল করিম.
|
| 250 |
|
|
|a প্রথম প্রকাশ.
|
| 260 |
|
|
|a ঢাকা :
|b শিকড়ায়ন বাংলাদেশ,
|c ১৯৯৯.
|
| 300 |
|
|
|a xviii, ৩৭৯ পৃ. ;
|c ২২ সে.মি.
|
| 541 |
|
|
|e 1688
|
| 546 |
|
|
|a In Bengali.
|
| 651 |
|
0 |
|a Bangladesh
|x Politics and government
|y 1971-
|9 16029
|
| 942 |
|
|
|2 ddc
|c BK
|
| 999 |
|
|
|c 36073
|d 36073
|
| 952 |
|
|
|0 0
|1 0
|2 ddc
|4 0
|6 351_549200000000000_KAR
|7 0
|9 56687
|a SCL
|b SCL
|c GEN
|d 2015-11-09
|g 220.00
|l 0
|o 351.5492 KAR
|p 3020001688
|r 2015-11-09
|t 1
|w 2015-11-09
|y BK
|